Tvrdohlavý vizionár

Automobilová aliancia Renault a Nissan a ich úspešná spolupráca pod vedením top manažéra Carlosa Ghosna. Zachovanie si identity automobiliek. Aliancia viac ako úspešný podnikateľský model. Roky kariéry C. Ghosna. Expanzia v Ázii. Súkromie bez škandálov.

Na minha lista:
Detalhes bibliográficos
Autor principal: Polakovič, Ivan
Formato: Capítulo de Livro
Idioma:eslovaco
Assuntos:
Tags: Adicionar Tag
Sem tags, seja o primeiro a adicionar uma tag!

MARC

LEADER 00000naa$a2200000$$$4500
001 0056040
005 20231009072055.1
041 0 |a slo 
044 |a SK 
245 1 0 |a Tvrdohlavý vizionár  |c Ivan Polakovič 
520 |a Automobilová aliancia Renault a Nissan a ich úspešná spolupráca pod vedením top manažéra Carlosa Ghosna. Zachovanie si identity automobiliek. Aliancia viac ako úspešný podnikateľský model. Roky kariéry C. Ghosna. Expanzia v Ázii. Súkromie bez škandálov. 
610 2 0 |a priemysel automobilový 
610 2 0 |a automobily 
610 2 0 |a výroba 
610 2 0 |a firmy 
610 2 0 |a aliancie strategické 
610 2 0 |a spolupráca podnikov 
610 2 0 |a spolupráca medzinárodná 
610 2 0 |a manažment 
610 2 0 |a manažéri 
610 2 0 |a podnikanie 
610 2 0 |a Japonsko 
610 2 0 |a Francúzsko 
100 1 |a Polakovič, Ivan